Location of extractives and decay resistance in some Malaysian hardwood species (Record no. 48103)
[ view plain ]
| 000 -LEADER | |
|---|---|
| fixed length control field | 01145nam a2200157Ia 4500 |
| 100 ## - MAIN ENTRY--AUTHOR NAME | |
| Personal name | Yamamoto K |
| 245 #0 - TITLE STATEMENT | |
| Title | Location of extractives and decay resistance in some Malaysian hardwood species |
| 260 ## - PUBLICATION, DISTRIBUTION, ETC. (IMPRINT) | |
| Name of publisher | Journal of Tropical Forest Science |
| Year of publication | 1989 |
| 300 ## - PHYSICAL DESCRIPTION | |
| Number of Pages | 61-70 |
| 520 ## - SUMMARY, ETC. | |
| Summary, etc | The durability of 24 Malaysian hardwoods has been assessed by a modified ASTM D2017 soil-block method using the white rot fungus, Coriolus versicolor. Using cluster analysis, the 24 timbers have been classified into four groups, viz durable but not after extraction, moderately durable, and non-durable. In general, timbers of the durable group (e.g. chengal, giam, rengas) contain more extractives than the non-durable group ( perupok, jelutong, ramin, rubberwood). The extractives are predominantly present in the parenchyma cells with some in the adjacent fibre cells. A higher proportion of extractives located in the cell lumina are easier to extract from the durable group than the moderately durable group. |
| 650 ## - SUBJECT ADDED ENTRY--TOPICAL TERM | |
| Topical Term | Rubberwood |
| 650 ## - SUBJECT ADDED ENTRY--TOPICAL TERM | |
| Topical Term | Tropical hardwood |
| 700 ## - ADDED ENTRY--PERSONAL NAME | |
| Personal name | Hong L T |
| 942 ## - ADDED ENTRY ELEMENTS (KOHA) | |
| Koha item type | Bibliography RLWO |
| Withdrawn status | Lost status | Damaged status | Not for loan | Home library | Current library | Date acquired | Serial Enumeration / chronology | Koha item type |
|---|---|---|---|---|---|---|---|---|
| Bibliography | RRII Library | RRII Library | 31/12/2021 | Volume 2, Issue 1 | Bibliography RLWO |